|
|
|
|
| LEADER |
01299cam a22002777a 4500 |
| 001 |
12893887 |
| 005 |
20231101063223.0 |
| 008 |
020813s2003 nju f 001 0 eng d |
| 020 |
|
|
|a 0691044376
|
| 040 |
|
|
|a DLC
|b gre
|c DLC
|d GR-AiPI
|e AACR2
|
| 082 |
0 |
4 |
|a 577.82
|2 23
|
| 100 |
1 |
|
|a Odling-Smee, F. John,
|d 1935-
|e συγγραφέας
|9 158247
|
| 245 |
1 |
0 |
|a Niche construction :
|b the neglected process in evolution /
|c F. John Odling-Smee, Kevin N. Laland, and Marcus W. Feldman.
|
| 260 |
|
|
|a Princeton :
|b Princeton University Press,
|c c2003.
|
| 300 |
|
|
|a xii, 472 σ. ;
|c 22 cm.
|
| 490 |
1 |
|
|a Monographs in population biology ;
|v no. 37
|
| 504 |
|
|
|a Περιλαμβάνει βιβλιογραφικές παραπομπές και ευρετήριο.
|
| 650 |
|
0 |
|a Εξέλιξη (Βιολογία)
|9 2182
|
| 650 |
|
4 |
|a Ανθρώπινη οικολογία
|9 414
|
| 700 |
|
|
|a Laland, Kevin N.
|e συγγραφέας
|9 158248
|
| 700 |
1 |
|
|a Feldman, Marcus W.
|e συγγραφέας
|9 158250
|
| 830 |
|
0 |
|a Monographs in population biology ;
|v 37.
|
| 942 |
|
|
|2 ddc
|c BK15
|
| 952 |
|
|
|0 0
|1 0
|2 ddc
|4 0
|6 577_820000000000000_ODL
|7 0
|9 207453
|a LISA
|b LISA
|c BSC
|d 2016-11-18
|i 11655
|l 0
|o 577.82 ODL
|p 026000278409
|r 2016-11-18 00:00:00
|t 1
|w 2016-11-18
|y BK15
|
| 998 |
|
|
|c ΛΟΥΚΟΠΟΥΛΟΥ
|d 2016-11
|
| 999 |
|
|
|c 126138
|d 126138
|